A Guide to Ayurvedic Remedies/ (Record no. 212880)

MARC details
000 -LEADER
fixed length control field 00574nam a22001937a 4500
005 - DATE AND TIME OF LATEST TRANSACTION
control field 20250805121609.0
010 ## - LCCN (DPL NO)
LC control number ENG-146324
020 ## - INTERNATIONAL STANDARD BOOK NUMBER
International Standard Book Number 9789357316118
Terms of availability 350.00
035 ## - SYSTEM CONTROL NUMBER
System control number EN-129856
037 ## - SOURCE OF ACQUISITION
Source of stock number/acquisition DBAD
082 ## - DEWEY DECIMAL CLASSIFICATION NUMBER
Classification number 615.538
Edition number 1
100 ## - MAIN ENTRY--PERSONAL NAME
Personal name Krishan, Sonica
245 ## - TITLE STATEMENT
Title A Guide to Ayurvedic Remedies/
Statement of responsibility, etc Sonica Krishan
250 ## - EDITION STATEMENT
Edition statement 1
260 ## - PUBLICATION, DISTRIBUTION, ETC. (IMPRINT)
Place of publication, distribution, etc Gurugram
Name of publisher, distributor, etc Hachette India
Date of publication, distribution, etc 2025
270 ## - ADDRESS
City Gurugram
Address 4th & 5th floor , corporate centre, plot no-94,sector-44
Postal code 122003
300 ## - PHYSICAL DESCRIPTION
Extent 198p.
Other physical details 20cm(pb)
942 ## - ADDED ENTRY ELEMENTS (KOHA)
Source of classification or shelving scheme Dewey Decimal Classification
Item type English Books
Classification part 615.538
Call number suffix KRI
Holdings
Withdrawn status Lost status Not for loan Collection code Home library Current library Date acquired Source of acquisition Cost, normal purchase price Full call number Barcode Copy number Cost, replacement price Koha item type
    Not For Loan Non-fiction Patel Nagar Patel Nagar 05/08/2025 Delivery of Books Act Division 350.00 615.538 KRI EN-129856 1 350.00 English Books

© Delhi Public Library
Hit Counter
free hit counter